| 000 | 00935 a2200193 4500 | ||
|---|---|---|---|
| 003 | Nust | ||
| 005 | 20230809100833.0 | ||
| 010 | _a 83026039 | ||
| 020 | _a047187910X | ||
| 040 | _cNust | ||
| 082 | 0 | 0 | _a629.4,CLA |
| 100 | 1 |
_aClarke, Arthur C. _9111472 |
|
| 245 | 1 | 0 |
_aAscent to orbit / _ba scientific autobiography : the technical writings of Arthur C. Clarke. |
| 260 |
_aNew York : _bWiley, _c1984. |
||
| 300 |
_aviii, 226 p. : _bill. ; _c29 cm. |
||
| 505 | _aThe Marconi International Fellowship (Page-3), First Flights (Page-15), Waves and Circuits (Page-25), The Beginnings of Satellite Communication (Page-53), Rockets And Warfare (Page-69), Amateur Astronomer (Page-83), Introduction to Astronautic (Page-117), Electronic and Space Flight (Page-157), The Space Elevator and Beyond (Page-183), Mathematical Recreations (Page-199), Beyond The Global Village (Page-199). | ||
| 650 | 0 |
_aAstronautics. _983801 |
|
| 942 |
_2ddc _cBK |
||
| 999 |
_c183736 _d183736 |
||